Watson's clinical nursing and related sciences. (7th ed.) (Record no. 32990)

MARC details
000 -LEADER
fixed length control field 00765nam a2200205 a 4500
008 - FIXED-LENGTH DATA ELEMENTS--GENERAL INFORMATION
fixed length control field 130516s2007 ||||||||||||||||| || u
020 ## - INTERNATIONAL STANDARD BOOK NUMBER
International Standard Book Number 9780702028267
050 ## - LIBRARY OF CONGRESS CALL NUMBER
Classification number RT 65 Wat
100 ## - MAIN ENTRY--PERSONAL NAME
Personal name Walsh, Mike
245 10 - TITLE STATEMENT
Title Watson's clinical nursing and related sciences. (7th ed.)
Statement of responsibility, etc. edited by Mike Walsh and Alison Crumbie
250 ## - EDITION STATEMENT
Edition statement 7th ed.
260 ## - PUBLICATION, DISTRIBUTION, ETC.
Place of publication, distribution, etc. Edinburgh:
Name of publisher, distributor, etc. Bailliere Tindall Elsevier
Date of publication, distribution, etc. 2007
300 ## - PHYSICAL DESCRIPTION
Extent xi, 995p.: ill.
500 ## - GENERAL NOTE
General note SCHOOL OF MEDICINE
650 ## - SUBJECT ADDED ENTRY--TOPICAL TERM
Topical term or geographic name entry element SURGICAL NURSING
650 ## - SUBJECT ADDED ENTRY--TOPICAL TERM
Topical term or geographic name entry element NURSING
650 #3 - SUBJECT ADDED ENTRY--TOPICAL TERM
Topical term or geographic name entry element NURSING CARE
650 ## - SUBJECT ADDED ENTRY--TOPICAL TERM
Topical term or geographic name entry element PHYSIOLOGY--PATHOLOGICAL
995 ## -
-- MEDICAL LIBRARY OPEN ACCESS
-- 901989
-- CBU-SCHOOL OF MEDICINE LIBRARY (Ndola)
-- RT 65 Wat
-- 1
-- AVAILABLE
-- May 17, 2013
-- 901989
-- Medical Library Open Access Collection
999 ## -
-- 32990
-- 32990
Holdings
Withdrawn status Lost status Source of classification or shelving scheme Damaged status Not for loan Permanent Location Current Location Shelving location Date acquired Total Checkouts Full call number Barcode Date last seen Price effective from Koha item type
          CBU-SCHOOL OF MEDICINE LIBRARY, NDOLA. CBU-SCHOOL OF MEDICINE LIBRARY, NDOLA.   11/30/2022   RT 65 Wat 901989 11/30/2022 11/30/2022 MONOGRAPH